Statistiche per Paesi più Grandi dell'India

Clicka qui per fare il quiz!

Statistiche generali

  • Questo quiz è stato fatto 59 volte
  • Il punteggio medio è 6 su 6

Statistiche sulle risposte

SuperficiePaese% Corretto
9,984,670Canada
100%
9,826,675Stati Uniti
100%
17,098,242Russia
98%
9,596,961Cina
96%
7,741,220Australia
94%
8,514,877Brasile
92%

Distribuzione punteggi

Percentile per numero di risposta

Percentuale di utenti per punteggio

I tuoi punteggi nel tempo

Non hai fatto questo quiz